[Event "47th Biel Master Open"]
[Site "Biel SUI"]
[Date "2014.07.18"]
[Round "5.16"]
[White "Gallagher, Joseph G."]
[Black "Grandadam, Patrik"]
[Result "1/2-1/2"]
[WhiteTitle "GM"]
[WhiteElo "2484"]
[BlackElo "2243"]
[WhiteFideId "1303422"]
[BlackFideId "682438"]
[EventDate "2014.07.14"]

1. e4 d5 2. exd5 Qxd5 3. Nc3 Qa5 4. d4 c6 5. Bc4 Bf5 6. Bd2 e6 7. Nf3 Nd7 8. d5
cxd5 9. Nxd5 Qc5 10. Qe2 Rc8 11. Bb3 Ngf6 12. Nxf6+ gxf6 13. Bc3 a6 14. O-O-O
Bh6+ 15. Kb1 Bg4 16. h3 Bxf3 17. Qxf3 Qc6 18. Qh5 Bf4 19. Rxd7 Qxd7 20. Bxf6 Rg8
21. Rd1 Qc6 22. Qxh7 Kf8 23. Qd3 Rxg2 24. a3 Bg5 25. Be5 Rd8 26. Bd6+ Ke8 27. c4
Be7 28. c5 Qxc5 29. Bxc5 Rxd3 30. Rxd3 Bxc5 31. f3 Rh2 32. Bc2 Rh1+ 33. Rd1 Rxh3
34. Be4 b6 35. b4 Be3 36. Bc6+ Ke7 1/2-1/2

[Event "47th Biel Master Open"]
[Site "Biel SUI"]
[Date "2014.07.18"]
[Round "5.17"]
[White "Nuri, Kambez"]
[Black "Benkovic, Petar"]
[Result "1/2-1/2"]
[WhiteTitle "FM"]
[BlackTitle "IM"]
[WhiteElo "2322"]
[BlackElo "2434"]
[WhiteFideId "1311433"]
[BlackFideId "922641"]
[EventDate "2014.07.14"]

1. e4 c5 2. d4 cxd4 3. c3 Nf6 4. e5 Nd5 5. cxd4 d6 6. Nf3 e6 7. Nc3 dxe5 8. Nxe5
Bb4 9. Bd2 O-O 10. Bd3 Nd7 11. O-O Nxe5 12. dxe5 Nxc3 13. Bxc3 Bxc3 14. bxc3 Qc7
15. Re1 b6 16. Qc2 1/2-1/2

[Event "47th Biel Master Open"]
[Site "Biel SUI"]
[Date "2014.07.18"]
[Round "5.18"]
[White "Bozinovic, Bogdan"]
[Black "Kovacevic, Aleksandar"]
[Result "0-1"]
[WhiteTitle "FM"]
[BlackTitle "GM"]
[WhiteElo "2226"]
[BlackElo "2564"]
[WhiteFideId "14502593"]
[BlackFideId "903124"]
[EventDate "2014.07.14"]

1. d4 Nf6 2. c4 e6 3. Nc3 Bb4 4. Qc2 O-O 5. Nf3 c5 6. dxc5 Na6 7. g3 Nxc5 8. Bg2
Nce4 9. Bd2 Nxd2 10. Nxd2 a6 11. O-O Qc7 12. Rac1 Be7 13. Qb3 Rb8 14. Rfd1 d6
15. Nce4 Nd7 16. Qe3 b6 17. Nf3 Rd8 18. Nd4 Bb7 19. Bh3 Nf8 20. Rc3 h6 21. b3
Rbc8 22. Rcd3 d5 23. cxd5 Rxd5 24. Bg2 Bb4 25. Nf3 Rxd3 26. Qxd3 Qc2 27. Ne5 Bd5
28. Nc4 Qxd3 29. exd3 b5 30. Ne3 Ba8 31. d4 Ng6 32. Nc5 Bxg2 33. Kxg2 a5 34. a4
bxa4 35. Nxa4 Ne7 36. d5 exd5 37. Nxd5 Nxd5 38. Rxd5 Rc2 39. Re5 f6 40. Re3 h5
41. h4 Kf7 42. Kf3 g5 43. hxg5 fxg5 44. Re2 g4+ 45. Ke3 Rc1 46. Ke4 Kg6 47. Kd5
Re1 48. Rc2 Kf5 49. Kd4 Rh1 50. Re2 h4 51. gxh4 Rxh4 52. Kd3 Kf4 53. Re6 Rh3+
54. Ke2 Rxb3 55. Nb6 Rb2+ 56. Kf1 Bc5 57. Nd5+ Kf5 58. Re2 Rxe2 59. Kxe2 a4 60.
Nc3 a3 61. Na2 Bd4 62. Nb4 Ke4 63. Na2 Bb2 64. Nb4 Bc3 65. Na2 Kd4 66. Nc1 Kc4 0-1

[Event "47th Biel Master Open"]
[Site "Biel SUI"]
[Date "2014.07.18"]
[Round "5.19"]
[White "Rambaldi, Francesco"]
[Black "Moeldner, Juergen"]
[Result "1-0"]
[WhiteTitle "FM"]
[WhiteElo "2444"]
[BlackElo "2229"]
[WhiteFideId "20657307"]
[BlackFideId "4613694"]
[EventDate "2014.07.14"]

1. Nf3 d5 2. c4 c6 3. e3 Nf6 4. Nc3 e6 5. b3 Nbd7 6. Bb2 Bb4 7. Qc2 O-O 8. d4
Ne4 9. a3 Bxc3+ 10. Bxc3 Nxc3 11. Qxc3 Qe7 12. Bd3 Re8 13. Qc2 h6 14. cxd5 exd5
15. O-O Nf6 16. b4 Ne4 17. Ne5 f6 18. Nf3 Bd7 19. b5 Qd6 20. bxc6 Bxc6 21. Rfc1
Rac8 22. Qb3 g5 23. Rc2 Qd7 24. a4 Kg7 25. a5 Rc7 26. Rac1 Rec8 27. h3 Nd6 28.
Rc5 Nc4 29. Bxc4 dxc4 30. R1xc4 Bxf3 31. Rxc7 Rxc7 32. Rxc7 Qxc7 33. gxf3 Qc6
34. d5 Qd7 35. Kg2 Kg6 36. Qc2+ f5 37. Qc5 Kh5 38. d6 Kh4 39. Qc7 1-0

[Event "47th Biel Master Open"]
[Site "Biel SUI"]
[Date "2014.07.18"]
[Round "5.20"]
[White "Cebalo, Miso"]
[Black "Schiendorfer, Florian"]
[Result "1-0"]
[WhiteTitle "GM"]
[WhiteElo "2426"]
[BlackElo "2192"]
[WhiteFideId "14500094"]
[BlackFideId "1312960"]
[EventDate "2014.07.14"]

1. d4 e6 2. g3 c5 3. dxc5 Bxc5 4. Bg2 d5 5. Nf3 Nc6 6. O-O Nf6 7. b3 O-O 8. Bb2
Qe7 9. Nc3 Rd8 10. Na4 Bd6 11. e3 b5 12. Nc3 b4 13. Ne2 e5 14. c3 a5 15. Qc2 Bg4
16. h3 Bxf3 17. Bxf3 Rac8 18. Rad1 Qe6 19. Bg2 Bc5 20. cxb4 Nxb4 21. Qb1 h5 22.
Rd2 Na6 23. Rfd1 Bb6 24. Qa1 d4 25. exd4 e4 26. Nf4 Qf5 27. h4 Ng4 28. Qb1 Re8
29. Re2 Nf6 30. Rde1 Nb4 31. Bh3 Ng4 32. f3 Bc7 33. fxg4 hxg4 34. Bg2 Bxf4 35.
gxf4 Qxf4 36. Rxe4 Rxe4 37. Qxe4 Qg3 38. Re3 Qxh4 39. Qf5 Rd8 40. d5 Qh6 41. Re7
Rf8 42. Qxg4 1-0

[Event "47th Biel Master Open"]
[Site "Biel SUI"]
[Date "2014.07.19"]
[Round "6.1"]
[White "Adhiban, Baskaran"]
[Black "Rakhmanov, Aleksandr"]
[Result "1-0"]
[WhiteTitle "GM"]
[BlackTitle "GM"]
[WhiteElo "2610"]
[BlackElo "2626"]
[WhiteFideId "5018471"]
[BlackFideId "4173708"]
[EventDate "2014.07.14"]

1. Nf3 Nf6 2. c4 b6 3. g3 Bb7 4. Bg2 g6 5. O-O Bg7 6. d4 O-O 7. d5 e6 8. Nc3
exd5 9. cxd5 c6 10. e4 cxd5 11. e5 Ne4 12. Nxd5 Na6 13. Nh4 Nec5 14. b4 Bxd5 15.
Bxd5 Nxb4 16. Bxa8 Qxa8 17. Ba3 Nbd3 18. Bxc5 Nxc5 19. Re1 Re8 20. Qf3 d6 21.
Qxa8 Rxa8 22. Nf3 Nd3 23. Re3 Nxe5 24. Rd1 Nc4 25. Re7 Bf6 26. Rc7 b5 27. Nd2 d5
28. Rc5 Nb2 29. Rb1 b4 30. Rxd5 Re8 31. Rf1 Bc3 32. Rc1 Re7 33. Nb1 Bg7 34. a3
bxa3 35. Nxa3 Na4 36. Nb5 a6 37. Nc7 Bb2 38. Rc6 h5 39. Nxa6 Bg7 40. Nb4 Nc3 41.
Rd8+ Kh7 42. Nd5 Nxd5 43. Rxd5 Ba1 44. Ra6 Bb2 45. Rad6 Kg7 46. Rd7 Re8 47. Rb5
Bf6 48. Rbb7 Rf8 49. Kg2 Bc3 50. Kf3 Bf6 51. Ke4 Bc3 52. f4 Bf6 53. f5 Ba1 54.
Kf4 Bc3 55. Rb6 gxf5 56. h4 Bf6 57. Kxf5 Ra8 58. Rbb7 Rf8 59. Ra7 Bb2 60. Kg5
Be5 61. Rd3 Bb8 62. Rb7 Rg8 63. Kxh5 Kf6 64. Rf3+ Ke6 65. Rb6+ Ke7 66. g4 1-0

[Event "47th Biel Master Open"]
[Site "Biel SUI"]
[Date "2014.07.19"]
[Round "6.2"]
[White "Antipov, Mikhail Al."]
[Black "Cvitan, Ognjen"]
[Result "1/2-1/2"]
[WhiteTitle "GM"]
[BlackTitle "GM"]
[WhiteElo "2502"]
[BlackElo "2535"]
[WhiteFideId "4107012"]
[BlackFideId "14500086"]
[EventDate "2014.07.14"]

1. e4 c5 2. Nf3 g6 3. d4 cxd4 4. Nxd4 Nc6 5. c4 Nf6 6. Nc3 d6 7. Be2 Nxd4 8.
Qxd4 Bg7 9. Be3 O-O 10. Qd2 Be6 11. Rc1 Qa5 12. O-O Rfc8 13. b3 a6 14. Qd3 Bd7 1/2-1/2

[Event "47th Biel Master Open"]
[Site "Biel SUI"]
[Date "2014.07.19"]
[Round "6.3"]
[White "Sebenik, Matej"]
[Black "Vokarev, Sergey"]
[Result "1-0"]
[WhiteTitle "GM"]
[BlackTitle "GM"]
[WhiteElo "2516"]
[BlackElo "2432"]
[WhiteFideId "14602296"]
[BlackFideId "4119711"]
[EventDate "2014.07.14"]

1. d4 Nf6 2. c4 g6 3. Nf3 Bg7 4. g3 c6 5. Bg2 d5 6. cxd5 cxd5 7. Nc3 O-O 8. O-O
Ne4 9. Ne5 Nxc3 10. bxc3 Nc6 11. Nxc6 bxc6 12. Qa4 Qb6 13. Re1 Bf5 14. Ba3 Rfe8
15. Bc5 Qb7 16. c4 e6 17. h3 h5 18. Rac1 Bh6 19. e3 Bf8 20. Bxf8 Rxf8 21. Qd1 e5
22. dxe5 Rfd8 23. Qd4 dxc4 24. Qxc4 Qb2 25. Qf4 Qxa2 26. Rxc6 Rac8 27. Rd6 Rxd6
28. exd6 Qd2 29. Ra1 Rc1+ 30. Rxc1 Qxc1+ 31. Kh2 Qd2 32. Bc6 Be6 33. Be8 Qd5 34.
e4 Qc5 35. Qf6 Qc4 36. Bxf7+ 1-0

[Event "47th Biel Master Open"]
[Site "Biel SUI"]
[Date "2014.07.19"]
[Round "6.4"]
[White "Solak, Dragan"]
[Black "Roiz, Michael"]
[Result "1/2-1/2"]
[WhiteTitle "GM"]
[BlackTitle "GM"]
[WhiteElo "2639"]
[BlackElo "2572"]
[WhiteFideId "916811"]
[BlackFideId "2804158"]
[EventDate "2014.07.14"]

1. e4 e5 2. Nf3 Nc6 3. Bb5 Nf6 4. d3 Bc5 5. Bxc6 dxc6 6. h3 O-O 7. Nbd2 Re8 8.
Nc4 Nd7 9. O-O b6 10. b3 Ba6 11. Ne3 Nf8 12. Nf5 Bc8 13. Bg5 f6 14. Be3 Bxe3 15.
Nxe3 Ng6 16. Kh2 c5 17. g3 Be6 18. h4 Ne7 19. h5 Rf8 20. Nh4 f5 21. exf5 Nxf5
22. Nexf5 1/2-1/2

[Event "47th Biel Master Open"]
[Site "Biel SUI"]
[Date "2014.07.19"]
[Round "6.5"]
[White "Donchenko, Alexander"]
[Black "Swiercz, Dariusz"]
[Result "1/2-1/2"]
[WhiteTitle "IM"]
[BlackTitle "GM"]
[WhiteElo "2499"]
[BlackElo "2617"]
[WhiteFideId "24603295"]
[BlackFideId "1126881"]
[EventDate "2014.07.14"]

1. d4 d5 2. c4 c6 3. Nf3 Nf6 4. e3 Bf5 5. Nc3 e6 6. Nh4 Be4 7. f3 Bg6 8. Qb3 Qc7
9. Bd2 Be7 10. g3 O-O 11. Nxg6 hxg6 12. Kf2 Rd8 13. Rc1 Qd7 14. Rc2 dxc4 15.
Bxc4 c5 16. dxc5 Bxc5 17. Na4 Bd6 18. Rhc1 Qe7 19. Be1 Nc6 20. a3 g5 21. Be2 Ne5
22. h3 b6 23. Rd1 Nd5 24. e4 Nf6 25. Kg2 Ng6 26. Rcd2 Be5 27. Rxd8+ Rxd8 28.
Rxd8+ Qxd8 29. Qd1 Qc7 30. Qd2 Nh5 31. Qxg5 Nhf4+ 32. gxf4 Nxf4+ 33. Kf1 Nxe2
34. Kxe2 Qc4+ 35. Kf2 Bd4+ 36. Kg3 Bf6 37. Qe3 Qxa4 38. Bc3 Qb3 39. Qd2 Bxc3 40.
Qd8+ Kh7 41. Qh4+ Kg6 42. Qg4+ Kh7 43. Qh4+ Kg6 44. Qg4+ 1/2-1/2

[Event "47th Biel Master Open"]
[Site "Biel SUI"]
[Date "2014.07.19"]
[Round "6.6"]
[White "Cherniaev, Alexander"]
[Black "Banusz, Tamas"]
[Result "1/2-1/2"]
[WhiteTitle "GM"]
[BlackTitle "GM"]
[WhiteElo "2434"]
[BlackElo "2595"]
[WhiteFideId "4117301"]
[BlackFideId "722413"]
[EventDate "2014.07.14"]

1. Nf3 d5 2. d4 Nf6 3. g3 c5 4. Bg2 cxd4 5. O-O h6 6. b3 a6 7. Bb2 Qc7 8. Bxd4
Nbd7 9. e3 e5 10. Bb2 Bd6 11. Nbd2 Nb6 12. Rc1 Be6 13. c4 dxc4 14. bxc4 Nbd7 15.
Nb3 O-O 16. c5 Be7 17. Nfd2 Nb8 18. Nc4 Nc6 19. Qe2 Rad8 20. h3 Bd5 21. e4 Bxc4
22. Rxc4 Qd7 23. Rb1 Ne8 24. Bc3 Nc7 25. a4 Ne6 26. Qb2 Qc7 27. h4 Bf6 28. Bd2
Rd7 29. Be3 Rfd8 30. Rcc1 Nf4 31. Bf1 Nd3 32. Bxd3 Rxd3 33. Nd2 Na5 34. Qb4 R8d7
35. Nf1 Nc6 36. Qb2 Qa5 37. Qc2 Ra3 38. Ra1 Rxa1 39. Rxa1 Nd4 40. Qc4 Rc7 41.
Rc1 b5 42. axb5 axb5 43. Qd3 b4 44. Qc4 Qa3 45. Rb1 Qa7 1/2-1/2

[Event "47th Biel Master Open"]
[Site "Biel SUI"]
[Date "2014.07.19"]
[Round "6.7"]
[White "Bok, Benjamin"]
[Black "Molner, Mackenzie"]
[Result "0-1"]
[WhiteTitle "GM"]
[BlackTitle "GM"]
[WhiteElo "2586"]
[BlackElo "2504"]
[WhiteFideId "1017063"]
[BlackFideId "2021722"]
[EventDate "2014.07.14"]

1. e4 c5 2. Nf3 d6 3. d4 cxd4 4. Nxd4 Nf6 5. Nc3 a6 6. Be3 Ng4 7. Bc1 Nf6 8. f3
e6 9. Be3 b5 10. Qd2 Nbd7 11. g4 h6 12. a3 Bb7 13. O-O-O Nb6 14. h4 Rc8 15. Rg1
Nfd7 16. g5 hxg5 17. hxg5 g6 18. f4 Nc5 19. Bd3 Nxd3+ 20. Qxd3 Nc4 21. Bf2 Rh2
22. Qg3 Rxf2 23. Qxf2 b4 24. axb4 Qb6 25. b3 Qxb4 26. Nb1 Na5 27. Kb2 Bxe4 28.
Rg3 Bg7 29. Na3 d5 30. c3 Qb6 31. Rd2 Bf8 32. b4 Rxc3 33. Rxc3 Qxb4+ 34. Kc1
Qxc3+ 35. Nac2 Nc4 0-1

[Event "47th Biel Master Open"]
[Site "Biel SUI"]
[Date "2014.07.19"]
[Round "6.8"]
[White "Hera, Imre Jr."]
[Black "Studer, Noel"]
[Result "1-0"]
[WhiteTitle "GM"]
[BlackTitle "FM"]
[WhiteElo "2561"]
[BlackElo "2375"]
[WhiteFideId "716855"]
[BlackFideId "1319620"]
[EventDate "2014.07.14"]

1. c4 Nf6 2. g3 e6 3. Bg2 c5 4. Nf3 a6 5. O-O Qc7 6. Nc3 Be7 7. b3 O-O 8. Bb2 b6
9. Rc1 Bb7 10. e3 d6 11. d4 Nbd7 12. d5 exd5 13. cxd5 b5 14. a3 Rfe8 15. Nh4 Bf8
16. g4 h6 17. f4 g6 18. e4 Qb6 19. Kh1 Bg7 20. e5 dxe5 21. g5 Nh5 22. Nf5 gxf5
23. Qxh5 Qg6 24. Qh3 h5 25. Ne2 Nb6 26. Rxc5 Qd6 27. Rc2 Bxd5 28. Ng3 Rac8 29.
Rd2 Bxg2+ 30. Rxg2 Qd3 31. Qxf5 Qxb3 32. Nxh5 Qc4 33. fxe5 Bxe5 34. g6 1-0

[Event "47th Biel Master Open"]
[Site "Biel SUI"]
[Date "2014.07.19"]
[Round "6.9"]
[White "Misiano, Franco"]
[Black "Mikhalevski, Victor"]
[Result "0-1"]
[WhiteTitle "FM"]
[BlackTitle "GM"]
[WhiteElo "2288"]
[BlackElo "2539"]
[WhiteFideId "804746"]
[BlackFideId "2801914"]
[EventDate "2014.07.14"]

1. e4 e5 2. Nf3 Nc6 3. Bb5 a6 4. Ba4 Nge7 5. O-O g6 6. c3 Bg7 7. d4 exd4 8. cxd4
b5 9. Bb3 d6 10. h3 O-O 11. Nc3 Na5 12. Bc2 c5 13. dxc5 dxc5 14. Qxd8 Rxd8 15.
Be3 Nc4 16. Bxc5 Re8 17. e5 Bf5 18. Be4 Rac8 19. Bxe7 Bxe4 20. Nxe4 Rxe7 21.
Nf6+ Kh8 22. Rac1 Ra8 23. Nd5 Rb7 24. b3 Nxe5 25. Nxe5 Bxe5 26. Rfe1 Bd4 27.
Red1 Be5 28. Re1 Bb2 29. Rc2 Ba3 30. b4 Rd8 31. Re3 Bb2 32. Rxb2 Rxd5 33. g4 Rc7
34. Kg2 Kg7 35. Ra3 Rc6 36. Rf3 h5 37. Kg3 Rc4 38. Ra3 Rd6 39. gxh5 gxh5 40. Re3
h4+ 41. Kf3 Rf6+ 42. Ke2 Re6 43. Kf3 Rd6 44. Ke2 Rdd4 45. Ra3 Rd6 46. Re3 Kg6
47. a4 Rdd4 48. axb5 axb5 49. Reb3 f5 50. Kf3 Kf6 51. Ke3 Ke5 52. Kf3 Kd5 53.
Kg2 Rf4 54. Kf1 Rcd4 55. Ke2 Rfe4+ 56. Kf1 Kc4 57. f3 Re5 58. Ra3 f4 59. Ra8
Rd1+ 60. Kf2 Kc3 61. Rba2 Kxb4 62. Rh8 Kb3 63. Re2 Rxe2+ 64. Kxe2 Rd4 65. Rxh4
Kc2 66. Rh8 Rc4 67. Rd8 b4 68. Rd2+ Kc3 69. Kd1 b3 70. Kc1 Ra4 0-1

[Event "47th Biel Master Open"]
[Site "Biel SUI"]
[Date "2014.07.19"]
[Round "6.10"]
[White "Rindlisbacher, Lars"]
[Black "Erdos, Viktor"]
[Result "0-1"]
[WhiteTitle "FM"]
[BlackTitle "GM"]
[WhiteElo "2332"]
[BlackElo "2648"]
[WhiteFideId "1304178"]
[BlackFideId "719978"]
[EventDate "2014.07.14"]

1. d4 Nf6 2. c4 e6 3. Nf3 Bb4+ 4. Nbd2 b6 5. a3 Bxd2+ 6. Nxd2 Bb7 7. f3 d5 8. e3
Nbd7 9. Be2 a5 10. b3 e5 11. dxe5 Nxe5 12. Bb2 Qe7 13. O-O Ng6 14. Re1 Qxe3+ 15.
Kh1 O-O-O 16. Nf1 Qg5 17. c5 Nf4 18. Ng3 N6h5 19. Bf1 Nxg3+ 20. hxg3 Qxg3 21.
Qd2 d4 22. Re5 Qh4+ 23. Kg1 Nh3+ 24. Kh2 Ng5+ 0-1

[Event "47th Biel Master Open"]
[Site "Biel SUI"]
[Date "2014.07.19"]
[Round "6.11"]
[White "Bartel, Mateusz"]
[Black "Bartel, Marta"]
[Result "1-0"]
[WhiteTitle "GM"]
[BlackTitle "WGM"]
[WhiteElo "2644"]
[BlackElo "2328"]
[WhiteFideId "1112635"]
[BlackFideId "1123009"]
[EventDate "2014.07.14"]

1. d4 Nf6 2. c4 g6 3. Nf3 Bg7 4. e3 O-O 5. Be2 c5 6. d5 d6 7. Nc3 Na6 8. h3 Nc7
9. e4 a6 10. a4 b6 11. Bf4 Rb8 12. e5 Nfe8 13. O-O Bd7 14. Qd2 b5 15. axb5 axb5
16. b3 b4 17. Ne4 f5 18. Ng3 dxe5 19. Bxe5 Nd6 20. Rfe1 Nce8 21. Bd3 Bxe5 22.
Nxe5 f4 23. Ne4 Nxe4 24. Rxe4 f3 25. Rh4 1-0

[Event "47th Biel Master Open"]
[Site "Biel SUI"]
[Date "2014.07.19"]
[Round "6.12"]
[White "Shankland, Samuel L"]
[Black "Lampert, Jonas"]
[Result "1-0"]
[WhiteTitle "GM"]
[WhiteElo "2632"]
[BlackElo "2421"]
[WhiteFideId "2004887"]
[BlackFideId "1303759"]
[EventDate "2014.07.14"]

1. e4 e5 2. Nf3 Nf6 3. d4 Nxe4 4. Bd3 d5 5. dxe5 Be7 6. O-O Nc6 7. Nc3 Nc5 8.
Bb5 Be6 9. Nd4 Bd7 10. Bxc6 bxc6 11. f4 O-O 12. f5 Ne4 13. Nxe4 dxe4 14. Qg4 Bc5
15. c3 g6 16. Bh6 Re8 17. e6 1-0

[Event "47th Biel Master Open"]
[Site "Biel SUI"]
[Date "2014.07.19"]
[Round "6.13"]
[White "Ganguly, Surya Shekhar"]
[Black "Grandadam, Nicolas"]
[Result "1/2-1/2"]
[WhiteTitle "GM"]
[BlackTitle "FM"]
[WhiteElo "2619"]
[BlackElo "2306"]
[WhiteFideId "5002150"]
[BlackFideId "681806"]
[EventDate "2014.07.14"]

1. e4 c5 2. Nf3 Nc6 3. d4 cxd4 4. Nxd4 d5 5. exd5 Qxd5 6. Be3 e6 7. Nc3 Bb4 8.
Nb5 Qe5 9. a3 Be7 10. Qd2 a6 11. f4 Qb8 12. Nd4 Bd7 13. Be2 Qc7 14. O-O-O Rd8
15. g4 Nxd4 16. Bxd4 Bc6 17. Rhf1 Nf6 18. Qe3 O-O 19. g5 Nd5 20. Nxd5 Rxd5 21.
Qc3 Bd6 22. Bxg7 Bxf4+ 23. Kb1 Be5 24. Bxe5 Qxe5 25. Qe1 Rxd1+ 26. Qxd1 Be4 27.
h4 Qh2 28. h5 Rc8 29. Ka1 Bxc2 30. Qd7 Qc7 31. Qd4 e5 32. Qd5 Rf8 33. Rf6 Kg7
34. h6+ Kh8 35. Qf3 Kg8 36. Qe3 Bg6 37. Rf1 Qe7 38. Bc4 Rd8 39. Re1 b5 40. Bb3
Re8 41. Rc1 Qd6 42. Rd1 Qe7 43. Rd5 Kf8 44. Qd2 Bf5 45. Rd6 Qa7 46. Qb4 Kg8 47.
Ka2 Rf8 48. g6 hxg6 49. Rf6 Qa8 50. Qe7 Kh7 51. Bxf7 Kxh6 52. Rxf5 Rxf7 53. Qxf7
gxf5 54. Qf6+ Kh7 55. Qxf5+ Kg7 56. Qxe5+ Kf7 57. Kb3 Qc6 58. Qd4 a5 59. a4 Qe6+
60. Kc3 Qc6+ 61. Kd3 bxa4 62. Qc4+ Qxc4+ 63. Kxc4 Ke6 64. Kb5 a3 65. bxa3 Kd7
66. Kxa5 Kc8 67. Kb6 Kb8 68. a4 Ka8 69. a5 Kb8 70. a6 Ka8 71. a7 1/2-1/2

[Event "47th Biel Master Open"]
[Site "Biel SUI"]
[Date "2014.07.19"]
[Round "6.14"]
[White "Kovacevic, Aleksandar"]
[Black "Kamber, Bruno"]
[Result "1-0"]
[WhiteTitle "GM"]
[BlackTitle "FM"]
[WhiteElo "2564"]
[BlackElo "2258"]
[WhiteFideId "903124"]
[BlackFideId "1300504"]
[EventDate "2014.07.14"]

1. e4 c5 2. Nf3 e6 3. d4 cxd4 4. Nxd4 Bb4+ 5. Bd2 Bc5 6. Be3 Qb6 7. c3 Nc6 8.
Na3 Nxd4 9. Nc4 Qc6 10. Bxd4 Qxe4+ 11. Be2 Be7 12. O-O Nf6 13. Bf3 Qf4 14. Qa4
O-O 15. Be5 Qf5 16. Bd6 Bxd6 17. Nxd6 Qc5 18. Rfd1 b5 19. Qf4 Rb8 20. Ne8 Rxe8
21. Qxb8 d5 22. b4 Qb6 23. Qxb6 axb6 24. a4 bxa4 25. Rxa4 Bd7 26. Ra3 g5 27. Be2
b5 28. Rda1 Ne4 29. f3 Nd6 30. Ra6 Nf5 31. Bd3 e5 32. Ra7 e4 33. Rxd7 exd3 34.
Rxd5 d2 35. Rxd2 Kg7 36. Kf2 Rc8 37. Rd3 1-0

[Event "47th Biel Master Open"]
[Site "Biel SUI"]
[Date "2014.07.19"]
[Round "6.15"]
[White "Donchenko, Anatoly"]
[Black "Gallagher, Joseph G."]
[Result "0-1"]
[WhiteTitle "IM"]
[BlackTitle "GM"]
[WhiteElo "2360"]
[BlackElo "2484"]
[WhiteFideId "4106091"]
[BlackFideId "1303422"]
[EventDate "2014.07.14"]

1. d4 Nf6 2. Nf3 g6 3. g3 Bg7 4. Bg2 O-O 5. O-O d6 6. b3 a5 7. a4 Nc6 8. Bb2 Bf5
9. Nbd2 Qd7 10. Re1 Bh3 11. Bh1 Qf5 12. Nh4 Qh5 13. e3 Ng4 14. f3 Nf6 15. Ng2 e5
16. dxe5 dxe5 17. Qe2 Rad8 18. Rad1 Nb4 19. Nc4 Bxg2 20. Bxg2 e4 21. Rxd8 Rxd8
22. Rd1 Re8 23. g4 exf3 24. Bxf3 Qg5 25. Bxf6 Bxf6 26. Bxb7 c6 27. Qf3 Re7 28.
Rd6 Be5 29. Rd8+ Kg7 30. Bxc6 Nxc6 31. Qxc6 Re6 32. Qd5 Qxg4+ 33. Qg2 Bxh2+ 34.
Kh1 Qh4 35. Rd3 Bc7+ 36. Kg1 Re4 37. Rd4 Rxd4 38. exd4 Qxd4+ 39. Qf2 Qg4+ 40.
Kf1 h5 41. Qc5 Qd1+ 42. Kg2 Qxc2+ 43. Kf1 Qd3+ 44. Kg2 Qe2+ 45. Kg1 Bh2+ 46. Kh1
Bg3 47. Kg1 h4 0-1

[Event "47th Biel Master Open"]
[Site "Biel SUI"]
[Date "2014.07.19"]
[Round "6.16"]
[White "Nuri, Kambez"]
[Black "Rambaldi, Francesco"]
[Result "0-1"]
[WhiteTitle "FM"]
[BlackTitle "FM"]
[WhiteElo "2322"]
[BlackElo "2444"]
[WhiteFideId "1311433"]
[BlackFideId "20657307"]
[EventDate "2014.07.14"]

1. e4 e6 2. d3 d5 3. Nd2 Nf6 4. Ngf3 Nc6 5. g3 Bc5 6. Bg2 O-O 7. O-O dxe4 8.
dxe4 e5 9. c3 a5 10. Qc2 Be6 11. h3 h6 12. Rd1 Qc8 13. h4 Ng4 14. Rf1 a4 15. Nh2
b5 16. Qd3 Qb7 17. Qe2 Nf6 18. Kh1 Na5 19. b4 axb3 20. axb3 Nxb3 21. Nxb3 Bxb3
22. Rb1 Ra2 23. Qd3 Bc2 24. Qxb5 Qa7 25. Rb2 Rxb2 26. Qxb2 Bd3 27. Rd1 Rb8 28.
Qd2 Nxe4 29. Bxe4 Bxe4+ 30. f3 Bc6 31. Qe2 e4 32. Ng4 exf3 33. Qc4 Qa4 0-1

[Event "47th Biel Master Open"]
[Site "Biel SUI"]
[Date "2014.07.19"]
[Round "6.17"]
[White "Benkovic, Petar"]
[Black "Ludwig, Peter"]
[Result "1-0"]
[WhiteTitle "IM"]
[WhiteElo "2434"]
[BlackElo "2249"]
[WhiteFideId "922641"]
[BlackFideId "4651359"]
[EventDate "2014.07.14"]

1. Nf3 Nf6 2. c4 e6 3. g3 b6 4. Bg2 Bb7 5. O-O Be7 6. d4 O-O 7. Re1 Na6 8. Nc3
Ne4 9. Bd2 c5 10. Rc1 f5 11. a3 Rc8 12. Nb5 Ra8 13. Qc2 Nxd2 14. Qxd2 Nc7 15.
Nc3 d5 16. cxd5 exd5 17. dxc5 bxc5 18. Red1 d4 19. Na4 Ne6 20. Nxd4 cxd4 21.
Bxb7 Rb8 22. Bc6 f4 23. Qd3 fxg3 24. hxg3 Bg5 25. Rc4 Qf6 26. Qf3 Qh6 27. Qe4
Kh8 28. Bd5 Rbe8 29. Rc6 Rf6 30. Rxe6 Rfxe6 31. Bxe6 Qxe6 32. Qxe6 Rxe6 33. Kf1
Bf6 34. Rc1 Kg8 35. Ke1 Kf7 36. Rc5 Ra6 37. Rc7+ Kg6 38. Nc5 Rb6 39. b4 a5 40.
bxa5 Rb1+ 41. Kd2 Ra1 42. a4 Bd8 43. Rc6+ Kf5 44. a6 1-0

[Event "47th Biel Master Open"]
[Site "Biel SUI"]
[Date "2014.07.19"]
[Round "6.18"]
[White "Raetsky, Alexander"]
[Black "Hasenohr, Benedict"]
[Result "1/2-1/2"]
[WhiteTitle "GM"]
[WhiteElo "2431"]
[BlackElo "2232"]
[WhiteFideId "4103203"]
[BlackFideId "1303309"]
[EventDate "2014.07.14"]

1. e4 e6 2. d4 d5 3. Nc3 Bb4 4. e5 b6 5. Qg4 Bf8 6. h4 h5 7. Qd1 Ne7 8. Bg5 Qd7
9. Nh3 Nf5 10. Nf4 Nc6 11. Nce2 Ba6 12. c3 Be7 13. Bxe7 Ncxe7 14. g3 c5 15. Nxh5
Bxe2 16. Bxe2 cxd4 17. g4 Rxh5 18. gxh5 dxc3 19. bxc3 Qc7 20. Rh3 Qxe5 21. Rb1
Nd6 22. Qa4+ b5 23. Qd4 Qxd4 24. cxd4 a6 25. a4 Rb8 26. axb5 axb5 27. Rhb3 Nc6
28. Bxb5 Rxb5 29. Rxb5 Nxb5 30. Rxb5 Nxd4 31. Rb7 Nf5 32. f4 Nd6 33. Ra7 Nf5 34.
Kf2 Nxh4 35. Kg3 Nf5+ 36. Kg4 Kf8 37. Ra8+ Ke7 38. Kg5 d4 39. Ra7+ Ke8 40. Ra8+
Kd7 41. Ra7+ Kc6 42. Kg4 Kd5 43. Kf3 Nd6 44. Ra5+ Kc4 45. Ra4+ Kc3 46. Ra3+ Kb4
47. Ra7 Kc5 1/2-1/2

[Event "47th Biel Master Open"]
[Site "Biel SUI"]
[Date "2014.07.19"]
[Round "6.19"]
[White "Grandadam, Patrik"]
[Black "Cebalo, Miso"]
[Result "1/2-1/2"]
[BlackTitle "GM"]
[WhiteElo "2243"]
[BlackElo "2426"]
[WhiteFideId "682438"]
[BlackFideId "14500094"]
[EventDate "2014.07.14"]

1. Nf3 Nf6 2. c4 d6 3. d4 Nbd7 4. Nc3 e5 5. e4 c6 6. Be2 Be7 7. O-O O-O 8. Qc2
Re8 9. Rd1 Qc7 10. Rb1 Nf8 11. b4 Bg4 12. Be3 Ng6 13. h3 Bxf3 14. Bxf3 exd4 15.
Bxd4 Nd7 16. Be3 Bf6 17. Qd2 Nb6 18. Be2 Rad8 19. f3 Ne5 20. Bxb6 Qxb6+ 21. Kh1
Ng6 22. Bf1 h6 23. Ne2 Qc7 24. g3 d5 25. cxd5 cxd5 26. exd5 Re5 27. d6 Qc6 28.
Bg2 Re6 29. f4 Rexd6 30. Qxd6 Qxd6 31. Rxd6 Rxd6 32. Bxb7 Rd2 33. Ba6 Rxa2 34.
Bc4 Rb2 1/2-1/2